[Event "HUN-chT2 Toth 0708"]
[Site "Hungary"]
[Date "2007.10.14"]
[Round "1"]
[White "Czegledi, Zsolt"]
[Black "Hajdu, Balazs"]
[Result "1-0"]
[WhiteElo "2215"]
[BlackElo "2161"]
[PlyCount "83"]
[EventDate "2007.10.14"]
[EventType "team"]
[EventRounds "11"]
[EventCountry "HUN"]
[SourceTitle "EXT 2009"]
[Source "ChessBase"]
[SourceDate "2008.11.26"]
[SourceVersion "1"]
[SourceVersionDate "2008.11.26"]
[SourceQuality "1"]
[WhiteTeam "Takisz"]
[BlackTeam "Szentes"]
[WhiteTeamCountry "HUN"]
[BlackTeamCountry "HUN"]

1. d4 f5 2. g3 Nf6 3. Bg2 d6 4. c4 g6 5. Nc3 Bg7 6. Nf3 0-0 7. 0-0 Nc6 8. d5 Ne5 9. Nxe5 dxe5 10. e4 f4 11. f3 g5 12. g4 h5 13. h3 hxg4 14. hxg4 Kf7 15. Kf2 Rh8 16. Rh1 a6 17. Bd2 b6 18. b4 Bb7 19. Qb3 Rxh1 20. Rxh1 Kg6 21. Bf1 Qd6 22. Na4 Nd7 23. Qc2 c6 24. c5 Qc7 25. cxb6 Nxb6 26. Nc5 Bc8 27. a4 Ra7 28. a5 Na8 29. Bc4 Qd6 30. Bc3 Nc7 31. Rd1 Nb5 32. Bb2 Bf6 33. Qd3 Kg7 34. dxc6 Qxc6 35. Qd8 e6 36. Qb6 Rc7 37. Bxb5 axb5 38. Rd6 Qxb6 39. axb6 Re7 40. Rd8 Bb7 41. Rb8 Bc6 42. b7 1-0

[Event "HUN-chT2 Toth 0506"]
[Site "Hungary"]
[Date "2005.10.30"]
[Round "2"]
[White "Bartos, Tamas"]
[Black "Hajdu, Balazs"]
[Result "1/2-1/2"]
[WhiteElo "2075"]
[BlackElo "2169"]
[PlyCount "132"]
[EventDate "2005.10.16"]
[EventType "team"]
[EventRounds "11"]
[EventCountry "HUN"]
[SourceTitle "EXT 2009"]
[Source "ChessBase"]
[SourceDate "2008.11.26"]
[SourceVersion "1"]
[SourceVersionDate "2008.11.26"]
[SourceQuality "1"]
[WhiteTeam "Maroczy"]
[BlackTeam "Szentes"]
[WhiteTeamCountry "HUN"]
[BlackTeamCountry "HUN"]

1. d4 f5 2. Nf3 d6 3. c4 Nf6 4. g3 g6 5. Bg2 Bg7 6. 0-0 0-0 7. Nc3 Nc6 8. Qc2 e5 9. dxe5 dxe5 10. Rd1 Qe7 11. Nd5 Nxd5 12. cxd5 Nd8 13. Be3 Re8 14. Rac1 c6 15. Bg5 Qc7 16. Bxd8 Rxd8 17. dxc6 Rxd1+ 18. Qxd1 bxc6 19. Qb3+ Qf7 20. Qxf7+ Kxf7 21. Ng5+ Ke7 22. Rxc6 e4 23. Nxh7 Bxb2 24. Rxg6 Be6 25. Ng5 Bxa2 26. Nxe4 fxe4 27. Bxe4 Re8 28. Ra6 Bc4 29. Rxa7+ Kf8 30. Bd3 Bxd3 31. exd3 Re2 32. Ra4 Rd2 33. Rf4+ Kg7 34. Rf3 Bd4 35. Kg2 Kg6 36. h4 Kh5 37. Kf1 Bc3 38. Rf5+ Kg6 39. Rd5 Rd1+ 40. Ke2 Rd2+ 41. Ke3 Rd1 42. f3 Re1+ 43. Kf4 Bd2+ 44. Kg4 Rg1 45. h5+ Kh6 46. Rd6+ Kh7 47. Rg6 Be1 48. Kf4 Bd2+ 49. Kf5 Rf1 50. Kg4 Be3 51. f4 Bf2 52. Kf5 Be3 53. Re6 Bd2 54. Re2 Bc1 55. d4 Rd1 56. Re7+ Kg8 57. Rd7 Rd3 58. g4 Rf3 59. Kg6 Rxf4 60. Rd8+ Rf8 61. Rxf8+ Kxf8 62. Kh7 Kf7 63. h6 Bg5 64. d5 Be7 65. d6 Bg5 66. d7 Bf6 1/2-1/2

[Event "Salgotarjan op"]
[Site "Salgotarjan"]
[Date "2004.03.07"]
[Round "6"]
[White "Hajdu, Balazs"]
[Black "Frink, Ferenc"]
[Result "0-1"]
[WhiteElo "2179"]
[BlackElo "2239"]
[PlyCount "42"]
[EventDate "2004.03.04"]
[EventType "swiss"]
[EventRounds "7"]
[EventCountry "HUN"]
[SourceTitle "EXT 2008"]
[Source "ChessBase"]
[SourceDate "2007.11.25"]
[SourceVersion "1"]
[SourceVersionDate "2007.11.25"]
[SourceQuality "1"]

1. f4 e5 2. fxe5 d6 3. exd6 Bxd6 4. Nf3 Bg4 5. g3 h5 6. d3 h4 7. Bg5 f6 8. Bxh4 g5 9. Bxg5 fxg5 10. Bg2 Bh3 11. Rg1 Nc6 12. Qd2 Bc5 13. Bxh3 Rxh3 14. e3 Qe7 15. d4 0-0-0 16. Qe2 Bb6 17. Nbd2 Re8 18. Kf2 Bxd4 19. Nxd4 Rxh2+ 20. Rg2 Rxg2+ 21. Kxg2 Nxd4 0-1

[Event "Salgotarjan op"]
[Site "Salgotarjan"]
[Date "2004.03.06"]
[Round "4"]
[White "Hajdu, Balazs"]
[Black "Rogos, Jan Jr"]
[Result "1-0"]
[WhiteElo "2179"]
[BlackElo "2062"]
[PlyCount "87"]
[EventDate "2004.03.04"]
[EventType "swiss"]
[EventRounds "7"]
[EventCountry "HUN"]
[SourceTitle "EXT 2008"]
[Source "ChessBase"]
[SourceDate "2007.11.25"]
[SourceVersion "1"]
[SourceVersionDate "2007.11.25"]
[SourceQuality "1"]

1. e4 c5 2. Nf3 Nc6 3. d4 cxd4 4. Nxd4 Nf6 5. Nc3 e5 6. Ndb5 d6 7. Bg5 a6 8. Na3 b5 9. Nd5 Be7 10. Bxf6 Bxf6 11. c3 0-0 12. Nc2 Bg5 13. Be2 f5 14. exf5 Bxf5 15. Nce3 Be6 16. Bf3 Rb8 17. 0-0 a5 18. Qd3 b4 19. Be4 h6 20. Rad1 Kh8 21. Qa6 Bxe3 22. Nxe3 Rb6 23. Qd3 Ne7 24. c4 Qc7 25. Rc1 Qc5 26. b3 Nc6 27. Rcd1 Nd4 28. Nc2 Nxc2 29. Qxc2 a4 30. Qe2 Rf6 31. Rd3 a3 32. Rfd1 Qc7 33. Qd2 Qc5 34. Qe2 Qc7 35. R1d2 Bf5 36. Rf3 Qf7 37. Bxf5 Rxf5 38. Rfd3 Rf6 39. Rd5 Qg6 40. R2d3 Qf5 41. f3 Qf4 42. Rd2 Qf5 43. Qf2 Qf4 44. Qxb6 1-0

[Event "Salgotarjan op"]
[Site "Salgotarjan"]
[Date "2004.03.05"]
[Round "3"]
[White "Erdelyi, Rudolf"]
[Black "Hajdu, Balazs"]
[Result "0-1"]
[WhiteElo "1996"]
[BlackElo "2179"]
[PlyCount "32"]
[EventDate "2004.03.04"]
[EventType "swiss"]
[EventRounds "7"]
[EventCountry "HUN"]
[SourceTitle "EXT 2008"]
[Source "ChessBase"]
[SourceDate "2007.11.25"]
[SourceVersion "1"]
[SourceVersionDate "2007.11.25"]
[SourceQuality "1"]

1. Nf3 f5 2. c4 d6 3. d4 Nf6 4. Nc3 g6 5. g3 Bg7 6. Bg2 0-0 7. 0-0 Nc6 8. Bf4 Nh5 9. Bg5 h6 10. Bd2 e5 11. d5 Ne7 12. e4 f4 13. Ne2 g5 14. gxf4 exf4 15. Nfd4 g4 16. f3 g3 0-1

[Event "HUN-chT2 Toth 0304"]
[Site "Hungary"]
[Date "2003.12.07"]
[Round "5"]
[White "Toth, Andras1111"]
[Black "Hajdu, Balazs"]
[Result "1-0"]
[WhiteElo "2075"]
[BlackElo "2184"]
[PlyCount "29"]
[EventDate "2003.09.28"]
[EventType "team"]
[EventRounds "11"]
[EventCountry "HUN"]
[SourceTitle "EXT 2009"]
[Source "ChessBase"]
[SourceDate "2008.11.26"]
[SourceVersion "1"]
[SourceVersionDate "2008.11.26"]
[SourceQuality "1"]
[WhiteTeam "Bege"]
[BlackTeam "Szentes"]
[WhiteTeamCountry "HUN"]
[BlackTeamCountry "HUN"]

1. d4 f5 2. c4 g6 3. h4 h6 4. Nc3 e6 5. Nf3 d6 6. Bf4 b6 7. e4 Bb7 8. Bd3 Nd7 9. Qe2 Qe7 10. Nb5 Ndf6 11. e5 Ne4 12. Bxe4 fxe4 13. exd6 cxd6 14. Nxd6+ Kd8 15. Ne5 1-0

[Event "HUN-chT2 Toth 0304"]
[Site "Hungary"]
[Date "2003.11.16"]
[Round "3"]
[White "Hajdu, Balazs"]
[Black "Balog, Imre"]
[Result "1-0"]
[WhiteElo "2184"]
[BlackElo "2086"]
[PlyCount "58"]
[EventDate "2003.09.28"]
[EventType "team"]
[EventRounds "11"]
[EventCountry "HUN"]
[SourceTitle "EXT 2009"]
[Source "ChessBase"]
[SourceDate "2008.11.26"]
[SourceVersion "1"]
[SourceVersionDate "2008.11.26"]
[SourceQuality "1"]
[WhiteTeam "Szentes"]
[BlackTeam "Bekes"]
[WhiteTeamCountry "HUN"]
[BlackTeamCountry "HUN"]

1. e4 e6 2. d3 d5 3. Nd2 Nf6 4. e5 Nfd7 5. d4 c5 6. c3 Nc6 7. Ndf3 a6 8. Bd3 b5 9. a3 Bb7 10. Ne2 c4 11. Bc2 a5 12. Ng3 Qb6 13. Ng5 g6 14. Qf3 Nd8 15. h4 h6 16. Nxf7 Nxf7 17. Bxg6 Ndxe5 18. dxe5 Qc7 19. Qf6 Bg7 20. Qxg7 0-0-0 21. Bxf7 Kb8 22. Bxh6 Rdf8 23. Bxe6 Qb6 24. Bf5 d4 25. Qg6 Qc7 26. Bxf8 Qxe5+ 27. Ne4 Bxe4 28. Bxe4 Rxf8 29. Qc6 Qe7 1-0

[Event "HUN-chT3 9900"]
[Site "Hungary"]
[Date "2000.03.05"]
[Round "9"]
[White "Hajdu, Balazs"]
[Black "Papp Zoltan, Csaba"]
[Result "1/2-1/2"]
[WhiteElo "2161"]
[BlackElo "2210"]
[PlyCount "27"]
[EventDate "1999.09.26"]
[EventType "team"]
[EventRounds "11"]
[EventCountry "HUN"]
[SourceTitle "EXT 2002"]
[Source "ChessBase"]
[SourceDate "2001.11.25"]
[SourceVersion "1"]
[SourceVersionDate "2001.11.25"]
[SourceQuality "1"]

1. e4 c5 2. Nf3 d6 3. d4 cxd4 4. Nxd4 Nf6 5. Nc3 e6 6. g3 h5 7. h4 Be7 8. Bg5 a6 9. Bg2 Qb6 10. Nb3 Ng4 11. Qd4 Qxd4 12. Nxd4 Bxg5 13. hxg5 b5 14. Bf3 1/2-1/2

[Event "HUN-chT3 9900"]
[Site "Hungary"]
[Date "2000.02.27"]
[Round "8"]
[White "Horvath, Laszlo"]
[Black "Hajdu, Balazs"]
[Result "1-0"]
[WhiteElo "2110"]
[BlackElo "2161"]
[PlyCount "53"]
[EventDate "1999.09.26"]
[EventType "team"]
[EventRounds "11"]
[EventCountry "HUN"]
[SourceTitle "EXT 2002"]
[Source "ChessBase"]
[SourceDate "2001.11.25"]
[SourceVersion "1"]
[SourceVersionDate "2001.11.25"]
[SourceQuality "1"]

1. e4 c5 2. Nf3 Nc6 3. d4 cxd4 4. Nxd4 Nf6 5. Nc3 e5 6. Ndb5 d6 7. Bg5 a6 8. Bxf6 gxf6 9. Na3 b5 10. Nd5 Be6 11. c3 Bg7 12. Nc2 Ne7 13. Nce3 Nxd5 14. exd5 Bd7 15. Bd3 Qa5 16. Nf5 Bxf5 17. Bxf5 b4 18. 0-0 bxc3 19. bxc3 Ke7 20. c4 Rab8 21. Rc1 Bh6 22. Rb1 Qxa2 23. Rxb8 Rxb8 24. c5 Qa5 25. c6 Rb5 26. Qh5 Bd2 27. Be6 1-0

[Event "Veszprem op 6th"]
[Site "Veszprem"]
[Date "2000.??.??"]
[Round "5"]
[White "Kiss, Zoltan"]
[Black "Hajdu, Balazs"]
[Result "1-0"]
[WhiteElo "2195"]
[BlackElo "2170"]
[PlyCount "117"]
[EventDate "2000.??.??"]
[EventType "swiss"]
[EventRounds "7"]
[EventCountry "HUN"]
[SourceTitle "EXT 2003"]
[Source "ChessBase"]
[SourceDate "2002.11.25"]
[SourceVersion "1"]
[SourceVersionDate "2002.11.25"]
[SourceQuality "1"]

1. e4 c5 2. Nf3 Nc6 3. Nc3 e5 4. Nd5 g6 5. d3 Bg7 6. Be2 d6 7. c3 h6 8. Be3 Nge7 9. Nxe7 Qxe7 10. Nd2 f5 11. f4 exf4 12. Bxf4 g5 13. Bg3 f4 14. Bh5+ Kd8 15. Bf2 Ne5 16. Nf3 Bg4 17. Bxg4 Nxg4 18. Qe2 Re8 19. 0-0-0 Kc7 20. h3 Nxf2 21. Qxf2 Rad8 22. Rhe1 Kb8 23. Kb1 h5 24. Nd2 Qf7 25. Qf3 b5 26. Nb3 Rg8 27. d4 c4 28. Na5 Rc8 29. d5 g4 30. hxg4 hxg4 31. Qf2 Rh8 32. Rf1 Rcf8 33. a4 bxa4 34. Nxc4 Qc7 35. Na3 Qb7 36. Nc4 Qc7 37. Qe2 Rc8 38. Na3 Qb7 39. Rxf4 Rxc3 40. Qb5 Rb3 41. Qxb7+ Rxb7 42. Rf2 Rb4 43. Rc1 Rxe4 44. Rc6 Bd4 45. Rfc2 Re1+ 46. Rc1 Rxc1+ 47. Rxc1 Bc5 48. Rc4 g3 49. Rg4 Bf2 50. Nb5 Rh2 51. Nxd6 Rxg2 52. Ne4 Rg1+ 53. Ka2 Be1 54. Rg7 g2 55. d6 Ba5 56. Nc5 a6 57. Nd7+ Kc8 58. Nc5 Rc1 59. d7+ 1-0

[Event "HUN-chT3 9900"]
[Site "Hungary"]
[Date "1999.12.05"]
[Round "5"]
[White "Csomos, Roland"]
[Black "Hajdu, Balazs"]
[Result "1-0"]
[WhiteElo "2177"]
[BlackElo "2161"]
[PlyCount "111"]
[EventDate "1999.09.26"]
[EventType "team"]
[EventRounds "11"]
[EventCountry "HUN"]
[SourceTitle "EXT 2002"]
[Source "ChessBase"]
[SourceDate "2001.11.25"]
[SourceVersion "1"]
[SourceVersionDate "2001.11.25"]
[SourceQuality "1"]

1. d4 f5 2. Nf3 Nf6 3. g3 d6 4. Bg2 g6 5. 0-0 Bg7 6. b3 0-0 7. Bb2 d5 8. Ne5 e6 9. Nd2 Nbd7 10. Ndf3 Nxe5 11. Nxe5 Nd7 12. Nxd7 Qxd7 13. c4 c6 14. e3 Re8 15. Qc2 b6 16. Rfd1 Bb7 17. f4 Bf8 18. a4 a5 19. Ba3 Bxa3 20. Rxa3 Ba6 21. Bf1 Qe7 22. Raa1 Rec8 23. Rac1 Qb4 24. Qc3 Qxc3 25. Rxc3 Bb7 26. c5 bxc5 27. Rxc5 Ra7 28. Rb1 h5 29. b4 axb4 30. Rxb4 Ba6 31. a5 Bxf1 32. Kxf1 Ra6 33. Rb7 Kf8 34. Rh7 Rca8 35. Rxc6 Rxc6 36. Rh8+ Kf7 37. Rxa8 Rc1+ 38. Kg2 Rc2+ 39. Kh3 Ra2 40. a6 Kg7 41. a7 Kh7 42. Kh4 Rxh2+ 43. Kg5 Ra2 44. Kf6 Ra6 45. Rf8 e5+ 46. Kxe5 Rxa7 47. Re8 Ra5 48. Kf6 Ra7 49. Kg5 Ra6 50. Re5 Rd6 51. Re7+ Kg8 52. Kh6 Kf8 53. Ra7 g5+ 54. Kxh5 gxf4 55. exf4 Re6 56. Kg5 1-0

[Event "HUN-chT3 9900"]
[Site "Hungary"]
[Date "1999.10.03"]
[Round "2"]
[White "Svebis, Mark"]
[Black "Hajdu, Balazs"]
[Result "1-0"]
[WhiteElo "2059"]
[BlackElo "2161"]
[PlyCount "57"]
[EventDate "1999.09.26"]
[EventType "team"]
[EventRounds "11"]
[EventCountry "HUN"]
[SourceTitle "EXT 2002"]
[Source "ChessBase"]
[SourceDate "2001.11.25"]
[SourceVersion "1"]
[SourceVersionDate "2001.11.25"]
[SourceQuality "1"]

1. c4 f5 2. Nf3 Nf6 3. g3 g6 4. Bg2 Bg7 5. Nc3 d6 6. 0-0 0-0 7. d3 e5 8. Rb1 h6 9. Nd2 g5 10. b4 Qe8 11. b5 Qh5 12. e3 Qg6 13. Nb3 Nbd7 14. c5 Nxc5 15. Nxc5 dxc5 16. Ba3 Rd8 17. Bxc5 f4 18. Qb3+ Kh8 19. Ne4 Nxe4 20. Bxe4 Bf5 21. Bxb7 Rab8 22. Bc6 Rxd3 23. Qa4 Rbd8 24. Rbd1 e4 25. g4 Bxg4 26. Bxe4 Qh5 27. Rxd3 Rxd3 28. Bxd3 f3 29. Qe4 1-0

[Event "HUN-chT2 9899"]
[Site "Hungary"]
[Date "1999.??.??"]
[Round "?"]
[White "Hajdu, Balazs"]
[Black "Markus, Robert"]
[Result "1/2-1/2"]
[WhiteElo "2160"]
[BlackElo "2270"]
[PlyCount "47"]
[EventDate "1998.??.??"]
[EventType "team"]
[EventRounds "12"]
[EventCountry "HUN"]
[SourceTitle "EXT 2000"]
[Source "ChessBase"]
[SourceDate "1999.11.16"]
[SourceVersion "1"]
[SourceVersionDate "1999.11.16"]
[SourceQuality "1"]

1. e4 c6 2. d4 d5 3. exd5 cxd5 4. Bd3 Nf6 5. c3 Bg4 6. Qb3 Qc7 7. h3 Bh5 8. Ne2 Bg6 9. Bf4 Qd7 10. Bxg6 hxg6 11. Nd2 Nc6 12. Nf3 e6 13. 0-0 Ne4 14. Ng3 Nxg3 15. Bxg3 Na5 16. Qc2 Bd6 17. Bxd6 Qxd6 18. Qa4+ Nc6 19. Ne5 f6 20. Nxc6 Qxc6 21. Qxc6+ bxc6 22. f4 Rb8 23. b4 Kf7 24. Rf2 1/2-1/2

[Event "HUN-chT2 9899"]
[Site "Hungary"]
[Date "1998.??.??"]
[Round "?"]
[White "Hajdu, Balazs"]
[Black "Farkas, Tibor"]
[Result "0-1"]
[WhiteElo "2160"]
[BlackElo "2340"]
[PlyCount "44"]
[EventDate "1998.??.??"]
[EventType "team"]
[EventRounds "12"]
[EventCountry "HUN"]
[SourceTitle "EXT 2000"]
[Source "ChessBase"]
[SourceDate "1999.11.16"]
[SourceVersion "1"]
[SourceVersionDate "1999.11.16"]
[SourceQuality "1"]

1. e4 c5 2. Nf3 d6 3. d4 cxd4 4. Nxd4 Nf6 5. Nc3 a6 6. a4 e6 7. g3 b6 8. Bg2 Bb7 9. 0-0 Qc7 10. Be3 Nbd7 11. f3 Rc8 12. Bf2 h5 13. h4 d5 14. exd5 Nxd5 15. Nxd5 Bxd5 16. Re1 Nf6 17. b3 Bc5 18. c4 Bb7 19. Bh3 0-0 20. f4 Bxd4 21. Qxd4 Qc6 22. Kh2 Ng4+ 0-1

[Event "HUN-chT2 9899"]
[Site "Hungary"]
[Date "1998.??.??"]
[Round "?"]
[White "Hajdu, Balazs"]
[Black "Molnar, Laszlo"]
[Result "0-1"]
[WhiteElo "2160"]
[BlackElo "2290"]
[PlyCount "54"]
[EventDate "1998.??.??"]
[EventType "team"]
[EventRounds "12"]
[EventCountry "HUN"]
[SourceTitle "EXT 2000"]
[Source "ChessBase"]
[SourceDate "1999.11.16"]
[SourceVersion "1"]
[SourceVersionDate "1999.11.16"]
[SourceQuality "1"]

1. e4 e5 2. Nf3 Nc6 3. d4 exd4 4. Nxd4 Bc5 5. Be3 Qf6 6. c3 Nge7 7. g3 d6 8. Bg2 Bd7 9. 0-0 Ne5 10. Nc2 Bb5 11. f4 Bxf1 12. fxe5 Qh6 13. Bxc5 Bxg2 14. Be3 Qh3 15. Nd2 d5 16. Qe2 Bxe4 17. Nxe4 dxe4 18. Qb5+ Qd7 19. Qxb7 0-0 20. Qxe4 Rfe8 21. Nb4 a5 22. Nd3 Rad8 23. Nc5 Qc6 24. Bd4 Qxe4 25. Nxe4 Nc6 26. Rd1 Rxe5 27. Nf2 Re2 0-1

[Event "Nyiregyhaza op"]
[Site "Nyiregyhaza"]
[Date "1998.??.??"]
[Round "2"]
[White "Mihalko, Jozsef"]
[Black "Hajdu, Balazs"]
[Result "1-0"]
[WhiteElo "2305"]
[BlackElo "2155"]
[PlyCount "95"]
[EventDate "1998.07.??"]
[EventType "swiss"]
[EventRounds "9"]
[EventCountry "HUN"]
[SourceTitle "EXT 2002"]
[Source "ChessBase"]
[SourceDate "2001.11.25"]
[SourceVersion "1"]
[SourceVersionDate "2001.11.25"]
[SourceQuality "1"]

1. e4 c5 2. Nf3 Nc6 3. Nc3 e5 4. Bc4 d6 5. d3 Be6 6. Ng5 Nd4 7. Nxe6 fxe6 8. Ne2 Nxe2 9. Qxe2 Kd7 10. c3 Nf6 11. 0-0 a6 12. Rd1 Qb6 13. b4 d5 14. exd5 exd5 15. Qxe5 dxc4 16. dxc4+ Kc8 17. Bg5 Qc6 18. b5 axb5 19. cxb5 Qxb5 20. Bxf6 Bd6 21. Qe6+ Qd7 22. Qxd7+ Kxd7 23. Bxg7 Rhe8 24. Kf1 Kc6 25. g3 Be5 26. Bxe5 Rxe5 27. Re1 Rxe1+ 28. Kxe1 Ra3 29. Kd2 Kd5 30. Kd3 b5 31. Kc2 Ra6 32. Kb3 c4+ 33. Kb2 Rf6 34. f4 Re6 35. Rd1+ Kc5 36. Rd2 b4 37. cxb4+ Kxb4 38. a3+ Kc5 39. f5 Rb6+ 40. Kc2 Rb3 41. Rd7 Rxa3 42. Rxh7 Kd4 43. Rh4+ Ke5 44. g4 Kf4 45. h3 Rd3 46. Rh6 Kg3 47. f6 Rf3 48. g5 1-0

[Event "HUN-chT2 9798"]
[Site "Hungary"]
[Date "1998.??.??"]
[Round "?"]
[White "Papista, Akos"]
[Black "Hajdu, Balazs"]
[Result "1/2-1/2"]
[WhiteElo "2240"]
[BlackElo "2110"]
[PlyCount "39"]
[EventDate "1997.??.??"]
[EventType "team"]
[EventRounds "11"]
[EventCountry "HUN"]
[SourceTitle "EXT 1999"]
[Source "ChessBase"]
[SourceDate "1998.11.16"]
[SourceVersion "1"]
[SourceVersionDate "1998.11.16"]
[SourceQuality "1"]

1. e4 c6 2. d4 d5 3. e5 Bf5 4. h4 h5 5. Be2 g6 6. Nf3 Bh6 7. Bg5 f6 8. Bxh6 Nxh6 9. c4 e6 10. cxd5 exd5 11. exf6 Nd7 12. Nbd2 Qxf6 13. 0-0 0-0 14. Qb3 Kh8 15. Rae1 Qd6 16. Nh2 Nf6 17. Ndf3 a5 18. Ne5 Ne4 19. Qe3 Kg7 20. Bd3 1/2-1/2

[Event "HUN-chT2 9798"]
[Site "Hungary"]
[Date "1997.??.??"]
[Round "?"]
[White "Bagoly, Janos"]
[Black "Hajdu, Balazs"]
[Result "1/2-1/2"]
[WhiteElo "2215"]
[BlackElo "2110"]
[PlyCount "46"]
[EventDate "1997.??.??"]
[EventType "team"]
[EventRounds "11"]
[EventCountry "HUN"]
[SourceTitle "EXT 1999"]
[Source "ChessBase"]
[SourceDate "1998.11.16"]
[SourceVersion "1"]
[SourceVersionDate "1998.11.16"]
[SourceQuality "1"]

1. d4 f5 2. g3 Nf6 3. Bg2 g6 4. c3 Bg7 5. Qb3 d5 6. Nd2 c6 7. Nh3 e6 8. Nf3 0-0 9. Nf4 Re8 10. Nd3 Nbd7 11. Bf4 Qb6 12. Qxb6 axb6 13. Nfe5 Nxe5 14. Bxe5 Nd7 15. Bxg7 Kxg7 16. f4 Nf6 17. h3 Bd7 18. Ne5 c5 19. g4 Bb5 20. Kd2 Re7 21. g5 Nd7 22. Nf3 Ree8 23. h4 Rh8 1/2-1/2

[Event "Miskolc Avas op"]
[Site "Miskolc"]
[Date "1997.??.??"]
[Round "7"]
[White "Hajdu, Balazs"]
[Black "Hegedus, Gy"]
[Result "1-0"]
[WhiteElo "2110"]
[BlackElo "2170"]
[PlyCount "87"]
[EventDate "1997.01.??"]
[EventType "swiss"]
[EventRounds "9"]
[EventCountry "HUN"]
[SourceTitle "EXT 2001"]
[Source "ChessBase"]
[SourceDate "2000.11.22"]
[SourceVersion "1"]
[SourceVersionDate "2000.11.22"]
[SourceQuality "1"]

1. e4 e5 2. Nf3 Nc6 3. d4 exd4 4. Nxd4 Qf6 5. Be3 Bc5 6. c3 Nge7 7. g3 d5 8. Bg2 dxe4 9. Nd2 Bxd4 10. cxd4 Nd5 11. Nxe4 Qg6 12. 0-0 0-0 13. Nc5 Nce7 14. Qd2 c6 15. Rfe1 h5 16. Bg5 f6 17. Bf4 Nxf4 18. Qxf4 Nf5 19. d5 h4 20. d6 hxg3 21. hxg3 b6 22. d7 bxc5 23. dxc8Q Raxc8 24. Be4 Qg5 25. Qxf5 Qxf5 26. Bxf5 Rcd8 27. Rad1 Rb8 28. b3 Rb7 29. Be6+ Kh7 30. Bc4 Kg6 31. Rd6 Rc7 32. Ree6 Rfc8 33. Ba6 Rb8 34. Rxc6 Rxc6 35. Rxc6 Rd8 36. Rxc5 Rd2 37. a4 Kh6 38. Rc7 g5 39. Rxa7 Kh5 40. Kg2 f5 41. Rf7 Rd5 42. Be2+ g4 43. b4 Rd4 44. Rxf5+ 1-0